| 000 | 02181cam a22006254i 4500 | ||
|---|---|---|---|
| 003 | PE-LiUPU | ||
| 005 | 20250731170420.0 | ||
| 008 | 180309s2017 ne 0 rb 001 0 eng d | ||
| 020 | _a9004341838 | ||
| 020 | _a9789004341838 | ||
| 035 | _a(Sirsi) a241499 | ||
| 040 |
_aPE-LiUPU _bspa _cPE-LiUPU _erda |
||
| 049 | _aPRUA | ||
| 082 | 0 | 4 |
_a155.24 _bS35 _223 |
| 100 | 1 |
_aSedmak, Clemens, _eautor. |
|
| 245 | 1 | 4 |
_aThe capacity to be displaced : _bresilience, mission, and inner strength / _cClemens Sedmak. |
| 264 | 1 |
_aLeiden : _bBrill, _c2017. |
|
| 300 |
_aXIII, 253 páginas ; _c24 centímetros. |
||
| 336 |
_atext _2rdacontent |
||
| 337 |
_aunmediated _2rdamedia |
||
| 338 |
_avolume _2rdacarrier |
||
| 490 | 0 |
_aTheology and mission in world Christianity ; _v5 |
|
| 504 | _aBibliografía : páginas 233-249. | ||
| 504 | _aIndice : páginas 250-253. | ||
| 505 | 0 | _aThe capacity to be displaced -- The discourse on resilience -- Testimonies of epistemic resilience in situations of displacement -- Structures of inner being -- Strengthening the powers of resilience: voices from the philokalia -- Cultivating interiority: thinking and therapeutic arguments -- Resources of epistemic resilience: existential commitments -- Hope and love: epistemic resilience and "magis." | |
| 526 | _aSEG68 | ||
| 526 | _aSEG70 | ||
| 526 | _aSEG69 | ||
| 526 | _aSEG67 | ||
| 526 | _aSEG43 | ||
| 526 | _aP144 | ||
| 526 | _aP143 | ||
| 526 | _aP131 | ||
| 526 | _aP122 | ||
| 526 | _aP120 | ||
| 526 | _aP117 | ||
| 526 | _aP112 | ||
| 526 | _aP110 | ||
| 526 | _aP106 | ||
| 526 | _aP101 | ||
| 526 | _aP80 | ||
| 526 | _aP59 | ||
| 526 | _aP54 | ||
| 526 | _aP35 | ||
| 526 | _aP33 | ||
| 526 | _aP30 | ||
| 650 | 0 | 4 | _aPsychology, Religious. |
| 650 | 0 | 4 | _aPsicología, Religioso. |
| 910 |
_adbm _bksl _cksl _d20180309 |
||
| 942 |
_2ddc _cBOOK |
||
| 994 |
_aC0 _bPEPRU |
||
| 596 | _a1 | ||
| 999 |
_a155.24 S35 _wLC _c27124 _i78471 _f2021-11-3 _g4 _lCCODEBUL1 _mBUL _p28.00 _r0 _sY _tBOOK _u2018-3-9 _xSALUD _zP35 _0COMPRA _1FCOMPRA _o.STAFF. Colección Teología _d27124 |
||
| 980 |
_81 _gALBERTO SANCHEZ Responsable de Automatización |
||